Problems in thermal chemistry

Saved in:
Bibliographic Details
Main Author: IQBAL, Syed Aftab
Format: Book
Language:English
Published: Discovery Publishers 2014
Tags: Add Tag
No Tags, Be the first to tag this record!

MARC

LEADER 00000nam a22000007a 4500
008 201207b ||||| |||| 00| 0 eng d
020 |a 978-81-8356-816-6 
100 |a IQBAL, Syed Aftab. 
245 |a Problems in thermal chemistry  |c  Syed Aftab Iqbal  |g 339p. 
260 |b Discovery Publishers  |c 2014  |h New Delhi  |i 691735  |i 691736  |l QD453.3 .Iq1  |m Chemistry, Physical and theoretical – Problems, Exercises, etc. 
942 |a lcc  |c BK  |e YUNUSA, A.A.  |f 7/12/2020 
952 |0 0  |1 0  |2 lcc  |4 0  |7 0  |9 166  |a HOL  |b ART  |c QZ  |d 2020-12-07  |o QD453.3 .Iq1  |p 2020-0110  |r 2020-12-07 00:00:00  |w 2020-12-07  |y BK 
952 |0 0  |1 0  |2 lcc  |4 0  |7 0  |9 167  |a HOL  |b HOL  |c QZ  |d 2020-12-07  |o QD453.3 .Iq1  |p 2020-0111  |r 2020-12-07 00:00:00  |w 2020-12-07  |y BK 
999 |c 55  |d 55